000 00594nam a22002057a 4500
003 MPLRDC
005 20220105061143.0
008 210129b ||||| |||| 00| 0 eng d
020 _a978-7-5384-4048-5
082 _a411.1 GPX
100 _a高鹏翔 主编
245 _a图解男性中医养生
_c
250 _a初版一刷
260 _a中国
_b吉林科学技术出版社
_c2009
300 _b
490 _a图解中医系列丛书
520 _a新书上架 2018-07-01。 2018-03-31 荧光标记--pg.多页。
650 _a个人卫生,健康法
942 _cBK
_o411.1 GPX
999 _c69612
_d69602